La democracia y su porvenir social y religioso / (Record no. 154904)

MARC details
000 -LEADER
campo de control de longitud fija 00983nam a2200229 i 4500
001 - NÚMERO DE CONTROL
campo de control 154904
003 - IDENTIFICADOR DE NÚMERO DE CONTROL
campo de control ES-MaACL
005 - FECHA Y HORA DE LA ÚLTIMA TRANSACCIÓN
campo de control 20250916194348.0
008 - DATOS DE LONGITUD FIJA--INFORMACIÓN GENERAL
campo de control de longitud fija 990617s1886 sp c |||| | spa d
100 1# - ENTRADA PRINCIPAL--NOMBRE DE PERSONA
Nombre de persona Guilbert, Aimé-Victor-François.
9 (RLIN) 127617
245 13 - MENCIÓN DEL TÍTULO
Título La democracia y su porvenir social y religioso /
Mención de responsabilidad, etc. por Monseñor Guilbert ; primera versión al castellano por Eloy Perillán y Buxó ; con un prólogo de D. Emilio Castelar.
250 ## - MENCION DE EDICION
Mención de edición 2ª ed.
260 ## - PUBLICACIÓN, DISTRIBUCIÓN, ETC.
Lugar de publicación, distribución, etc. Madrid :
Nombre del editor, distribuidor, etc. Dirección de El Tribuno,
Fecha de publicación, distribución, etc. 1886 (
Fabricante Estab. Tip. Sucesores de Rivadeneyra)
300 ## - DESCRIPCIÓN FÍSICA
Extensión 86 p. :
Otras características físicas [1] lám. retr. ;
Dimensiones 21 cm.
597 ## - NOTA DE DESCRIPCIÓN FÍSICA
NOTA DE DESCRIPCIÓN FÍSICA Antep.
599 ## - NOTA A LAS ILUSTRACIONES
NOTA A LAS ILUSTRACIONES Retr. de Monseñor Guilbert en v. de antep.
650 ## - PUNTO DE ACCESO ADICIONAL DE MATERIA--TÉRMINO DE MATERIA
Término de materia o nombre geográfico como elemento de entrada Democracia-
Subdivisión general Aspectos religiosos.
9 (RLIN) 172947
700 1# - ENTRADA AGREGADA--NOMBRE PERSONAL
Nombre de persona Perillan Buxó, Eloy,
Fechas asociadas al nombre 1848-1889
9 (RLIN) 131025
700 1# - ENTRADA AGREGADA--NOMBRE PERSONAL
Nombre de persona Castelar, Emilio,
Fechas asociadas al nombre 1832-1899
9 (RLIN) 36479
852 ## - LOCALIZACIÓN
Ubicación ES-MaACL
Número de control de estantería T-426-F-7
Nota libre - Enc. hol.
-- - Enc. en un vol. facticio
Holdings
Estatus retirado Estado de pérdida Estado de daño No para préstamo Colección Biblioteca de origen Biblioteca actual Ubicación en estantería Fecha de adquisición Fuente de adquisición Total de préstamos Signatura topográfica completa Código de barras Visto por última vez Precio de reemplazo Tipo de ítem Koha
        Colección de folletos Biblioteca del Ateneo de Madrid Biblioteca del Ateneo de Madrid Depósito folletos 17/01/2008     T-426-F-7 1162035 23/02/2023 23/02/2023 Folleto